[Event "Catalunya-chB"]
[Site "Spain"]
[Date "1996.11.24"]
[Round "8"]
[White "Costa Jutglar, Marc"]
[Black "Comelles Cortada, Joan"]
[Result "1/2-1/2"]
[WhiteElo "1845"]
[BlackElo "1875"]
[PlyCount "25"]
[EventDate "1997.??.??"]
[EventType "swiss"]
[EventRounds "8"]
[EventCountry "ESP"]
[SourceTitle "EXT 2003"]
[Source "ChessBase"]
[SourceDate "2002.11.25"]
[SourceVersion "1"]
[SourceVersionDate "2002.11.25"]
[SourceQuality "1"]

1. d4 Nf6 2. Nf3 e6 3. h3 b6 4. e3 Bb7 5. Bd3 d5 6. 0-0 Be7 7. Nbd2 0-0 8. c3 c5 9. Re1 Ne4 10. Qc2 f5 11. Ne5 Nd7 12. f4 Nxe5 13. fxe5 1/2-1/2